000 00620nam a2200241Ia 4500
003 OSt
005 20220918212125.0
006 a|||||r|||| 00| 0
007 ta
008 220917b |||||||| |||| 00| 0 eng d
024 _a127,335
037 _cTextual
040 _aARTS
_cARTS
_beng
041 _2eng
_aeng
082 _aX0gW, M6
100 _aFrey Bruno S
_9122562
245 0 _aInternational political economics
260 _aOxford
_bBasil Blackwell
_c1986
300 _aviii,183p.
_ccm.
650 _aECONOMICS
942 _hX0gW, M6
_cTEXL
_2CC
999 _c250477
_d250477